000 00423nam a2200169Ia 4500
005 20250508155121.0
008 008 250505s9999 xx 000 0 eng d
037 _aBooks to be hide in OPAC
040 _aFEDL
_beng
_cFEDL
041 _aeng
_2eng
084 _a050, REA/O
_qFEDL
245 0 _aReader's digest
260 _c1945
300 _a168p.
942 _cHB
_h050, REA/O
999 _c1354383
_d1354383